00401nam a2200133 a 4500008004100000050001600041100001600057245007000073260006600143300001400209350000900223700001900232700001600251120416s1977 ||||||||||||||||| || u aTH 2031 Gal aHunt, Peter10aSelf-help construction of 1-story buildingscedited by Jim Seston aWashington, D.C.bInformation Collection & Exchange Divc1977 a3v. : ill a0.00 aGallant, Peter aSeaton, Jim